GIS.Ostrava 2001 : Sborník 8.ročníku konference s mezinárodní účastí 21.-24.1.2001
Uložené v:
| Médium: | Zvuková nahrávka |
|---|---|
| Jazyk: | Czech |
| Vydavateľské údaje: |
Brno :
Vysoká škola báňská - Technická univerzita v Ostravě,
2001
|
| Tagy: |
Žiadne tagy, Buďte prvý, kto otaguje tento záznam!
|
MARC
| LEADER | 00000njm a22000003a 4500 | ||
|---|---|---|---|
| 001 | stu56226 | ||
| 005 | 20150408175803.3 | ||
| 008 | 010126s2001----xr------------------cze-d | ||
| 040 | |a STU |b slo | ||
| 041 | 0 | |a cze | |
| 044 | |a xr | ||
| 080 | |a 551.3.053 | ||
| 080 | |a 528.2/.3 | ||
| 080 | |a 556.3 | ||
| 245 | |a GIS.Ostrava 2001 : |b Sborník 8.ročníku konference s mezinárodní účastí 21.-24.1.2001 | ||
| 260 | |a Brno : |b Vysoká škola báňská - Technická univerzita v Ostravě, |c 2001 | ||
| 300 | |a CD-ROM | ||
| 996 | |c V*1353/sc-01 |l VV3 |s P |a 0 |w stu56226_0001 | ||